[Event "TUR-ch Youth"]
[Site "Denizli"]
[Date "2022.05.28"]
[Round "7"]
[White "Saricam, Ege"]
[Black "Hocek, Yigit"]
[Result "1-0"]
[WhiteElo "1531"]
[BlackElo "1380"]
[PlyCount "85"]
[EventDate "2022.05.24"]
[EventType "swiss"]
[EventRounds "9"]
[EventCountry "TUR"]
[SourceTitle "EXT 2023"]
[Source "ChessBase"]
[SourceDate "2022.10.05"]
[SourceVersion "1"]
[SourceVersionDate "2022.10.05"]
[SourceQuality "1"]

1. e4 c5 2. Nf3 g6 3. d4 Bg7 4. c4 cxd4 5. Nxd4 Nc6 6. Nxc6 bxc6 7. Nc3 d6 8. Bd3 Rb8 9. 0-0 Nf6 10. Qa4 Qc7 11. Rb1 0-0 12. h3 Nd7 13. Be3 Bxc3 14. bxc3 Nb6 15. Qa5 c5 16. f4 Bd7 17. f5 Rfc8 18. fxg6 hxg6 19. Rb2 Be6 20. Rfb1 Rb7 21. Qa6 Qd7 22. Kh2 Rbc7 23. Bf4 f6 24. Ra1 Qa4 25. Rxb6 Qd7 26. Rb5 Kf7 27. Rf1 Rh8 28. Rf3 Bg4 29. Rg3 e5 30. Be3 f5 31. exf5 gxf5 32. Rb1 f4 33. Rf1 Ke8 34. Bxf4 exf4 35. Rxf4 Be6 36. Qb5 Qxb5 37. cxb5 Bxa2 38. Re3+ Kd8 39. Rf6 d5 40. Bf5 Re7 41. Rd6+ Ke8 42. Bg6+ Kf8 43. Rd8+ 1-0

[Event "Izmir op 17th"]
[Site "Izmir"]
[Date "2018.09.09"]
[Round "1"]
[White "Yilmazyerli, Mert"]
[Black "Hocek, Yigit"]
[Result "1-0"]
[WhiteElo "2450"]
[BlackElo "1334"]
[PlyCount "61"]
[EventDate "2018.09.09"]
[EventType "swiss"]
[EventRounds "9"]
[EventCountry "TUR"]
[SourceTitle "CBM 186 Extra"]
[Source "ChessBase"]
[SourceDate "2018.08.24"]
[SourceVersion "1"]
[SourceVersionDate "2018.08.24"]
[SourceQuality "1"]

1. d4 g6 2. e4 Bg7 3. Nc3 d6 4. f4 Nf6 5. Nf3 Bg4 6. h3 Bxf3 7. Qxf3 c6 8. e5 dxe5 9. dxe5 Nd5 10. Bd2 e6 11. Ne4 0-0 12. c4 Ne7 13. 0-0-0 Qb6 14. Be3 Qa5 15. Bc5 Re8 16. Nd6 Rd8 17. Nxb7 Rxd1+ 18. Qxd1 Qxa2 19. Qd8+ Bf8 20. Bd3 Qb3 21. Na5 Qa2 22. Bxe7 Nd7 23. Qxa8 Qa1+ 24. Bb1 Qxa5 25. Rd1 Qa6 26. Rxd7 Qxc4+ 27. Bc2 Qf1+ 28. Rd1 Qxf4+ 29. Kb1 Qh6 30. Rd8 g5 31. Rxf8+ 1-0